00710nam a2200205 a 450000100060000000300080000600500170001400800410003103500190007204000420009104100080013308200240014110000450016524500920021026000640030230000310036665000200039765100370041770000500045457501BD-RjUL20211209080524.0730115r19611958njua 000 0 eng  a(BD-RjUL)57625 aDLCcOClUdOCoLCdUkdOCoLCdDLCbeng aeng a361.1223bWAS 19611 aWalsh, Mary E.q(Mary Elizabeth),d1941-10aSocial problems and social action /c[by] Mary Elizabeth Walsh [and] Paul Hanly Furfey. aEnglewood Cliffs, N.J.,bPrentice-Hall,c1958[Peinting196 ] a465 p. :billus. ;c22 cm. 0aSocial problems 0aUnited StatesxSocial conditions1 aFurfey, Paul Hanly,d1896-1992,ejoint author